| 000 | 00429nam a2200157Ia 4500 | ||
|---|---|---|---|
| 999 |
_c1588 _d1588 |
||
| 003 | GBCCL | ||
| 005 | 20241126110404.0 | ||
| 008 | 170508b xxu||||| |||| 00| 0 eng d | ||
| 040 | _cgbc | ||
| 082 |
_aVER 220.076 _bBIB |
||
| 245 |
_aPaite-zokam: Bible quiz / _ccompiled and edited by G Khamzagin |
||
| 260 |
_bBCD, NLBC _aElim veng, New Lamka : _c2011 |
||
| 300 | _a139 | ||
| 650 | 0 |
_aBible _vquiz _93217 |
|
| 942 |
_e1ST ED _2ddc _cBK _01 |
||